Quizzes
Events
Quiz Creation
Community
Videos
Private Events
Remove Ads
Sign In
Join for FREE
Feedback
Dark Mode
Quiz Categories
Sports
Geography
Music
Movies
Television
Just For Fun
Miscellaneous
History
Literature
Language
Science
Gaming
Entertainment
Religion
Holiday
For Kids
Quiz Lab
Recent
Popular Today
Quiz Kudos Today
Editor Picks
Curator Picks
Quizzes by...
Day
Popularity
Type
Ratings
Length
Year
Community
Subscriptions
Recent Discussions
Orange Saloon
Badges
Playlists
Quests
Create
Leaderboards
Showdown
Live 5
Trivia Bingo
Activity
Puzzle Library
Sporcle Events
Private Events
Virtual Trivia
Globe League
Become a Host
Pub Owners
SporcleCon
Opinionation
Our Games
Videos
Blog
Mobile Apps
Partnerships
Remove Ads and Go Orange
Feedback
Sports
Athletes
MLB
NBA
NHL
NFL
Soccer
Sports Teams
WWE
NCAA
Football
Premier League
Basketball
Baseball
Hockey
Golf
Tennis
Cricket
Rugby
Auto Racing
Olympics
World Cup
Sports
Athletes
MLB
NBA
NHL
NFL
Soccer
Sports Teams
WWE
NCAA
Football
Premier League
Basketball
Baseball
Hockey
Golf
Tennis
Cricket
Rugby
Auto Racing
Olympics
World Cup
Random Quiz
Search Sporcle
×
Quiz Lab
Quiz Lab
Sports
Country
Type in answers that appear in a list
Type in answers that appear in a list
Classic
Best Score? Go Orange.
French Open Women Players 2010 Stats
Can you name the French Open Women Players 2010?
By
stulaw78
15m
128 Questions
121 Plays
121 Plays
121 Plays
Comments
Comments
Give Quiz Kudos
Give Quiz Kudos
-
- Ratings
hide this ad
Replay
Link that replays current quiz
Next Quiz
Link to next quiz in quiz playlist
You Got
0%
They Got
Avg Score
77%
Avg Friend Score
Upgrade to see
Score Distribution
Jump to the score distribution portion of the page
Score
0/128
Timer
15:00
0
Plays Today
Country
Name
% Correct
USA
Serena Williams
100%
USA
Venus Williams
100%
CHN
Na Li
98.3%
SRB
Ana Ivanovic
97.5%
ITA
Francesca Schiavone
96.7%
BEL
Justine Henin
95%
DEN
Caroline Wozniacki
95%
BLR
Victoria Azarenka
95%
ISR
Shahar Peer
94.2%
FRA
Marion Bartoli
94.2%
AUS
Samantha Stosur
94.2%
POL
Agnieszka Radwanska
94.2%
SVK
Dominika Cibulkova
94.2%
CHN
Jie Zheng
93.4%
SRB
Jelena Jankovic
93.4%
BEL
Yanina Wickmayer
93.4%
ITA
Flavia Pennetta
93.4%
RUS
Maria Sharapova
92.6%
UKR
Alona Bondarenko
92.6%
SVK
Daniela Hantuchova
92.6%
UKR
Kateryna Bondarenko
92.6%
CZE
Lucie Safarova
90.9%
HUN
Agnes Szavay
90.9%
RUS
Nadia Petrova
90.9%
RUS
Vera Zvonareva
90.1%
CAN
Aleksandra Wozniak
90.1%
ESP
Maria Jose Martinez Sanchez
90.1%
FRA
Alize Cornet
89.3%
BUL
Tsvetana Pironkova
89.3%
ITA
Sara Errani
89.3%
KAZ
Yaroslava Shvedova
89.3%
GBR
Elena Baltacha
89.3%
RUS
Svetlana Kuznetsova
89.3%
RUS
Elena Dementieva
89.3%
SUI
Patty Schnyder
89.3%
BEL
Kirsten Flipkens
88.4%
EST
Kaia Kanepi
88.4%
CZE
Petra Kvitova
88.4%
FRA
Olivia Sanchez
87.6%
JPN
Ayumi Morita
87.6%
ROU
Sorana Cirstea
87.6%
GER
Andrea Petkovic
87.6%
GBR
Anne Keothavong
87.6%
Country
Name
% Correct
ITA
Roberta Vinci
86.8%
ARG
Gisela Dulko
86.8%
RUS
Maria Kirilenko
86%
THA
Tamarine Tanasugarn
85.1%
AUT
Sybille Bammer
84.3%
RUS
Dinara Safina
84.3%
ROU
Alexandra Dulgheru
84.3%
FRA
Aravane Rezai
84.3%
SWE
Sofia Arvidsson
83.5%
USA
Melanie Oudin
82.6%
SWE
Johanna Larsson
82.6%
GER
Julia Goerges
81.8%
SVK
Magdalena Rybarikova
81.8%
FRA
Virginie Razzano
81.8%
RSA
Chanelle Scheepers
81.8%
RUS
Anastasia Pavlyuchenkova
81%
ESP
Anabel Medina Garrigues
81%
SUI
Stefanie Voegele
80.2%
SLO
Polona Hercog
80.2%
AUS
Jelena Dokic
80.2%
BLR
Olga Govortsova
79.3%
ESP
Carla Suarez Navarro
79.3%
COL
Mariana Duque Marino
79.3%
LAT
Anastasija Sevastova
79.3%
GER
Angelique Kerber
79.3%
RUS
Elena Vesnina
78.5%
CRO
Petra Martic
78.5%
UZB
Akgul Amanmuradova
78.5%
HUN
Melinda Czink
77.7%
TPE
Yung Jan Chan
77.7%
AUS
Anastasia Rodionova
77.7%
RUS
Alisa Kleybanova
76.9%
SUI
Timea Bacsinszky
76.9%
AUS
Jarmila Groth
76%
CHN
Shaui Zhang
76%
USA
Vania King
75.2%
ROU
Simona Halep
75.2%
JPN
Kimiko Date Krumm
75.2%
RUS
Ekaterina Makarova
75.2%
CZE
Iveta Benesova
75.2%
CZE
Klara Zakopalova
74.4%
SLO
Katarina Srebotnik
74.4%
FRA
Kristina Mladenovic
74.4%
Country
Name
% Correct
CZE
Lucie Hradecka
74.4%
FRA
Pauline Parmentier
72.7%
FRA
Mathilde Johansson
72.7%
AUT
Yvonne Meusburger
71.9%
CZE
Barbora Zahlavova Strycova
71.1%
RUS
Vera Dushevina
71.1%
TPE
Kai Chen Chang
71.1%
CRO
Karolina Sprem
71.1%
CAN
Stephanie Dubois
71.1%
USA
Jill Craybas
70.2%
ITA
Alberta Brianti
70.2%
JPN
Misaki Doi
69.4%
RUS
Alla Kudryavtseva
68.6%
RUS
Anna Chakvetadze
68.6%
USA
Varvara Lepchenko
67.8%
GBR
Katie OBrien
66.9%
ITA
Maria Elena Camerin
66.9%
ITA
Tathiana Garbin
66.9%
JPN
Kurumi Nara
66.1%
PAR
Rossana De Los Rios
65.3%
USA
Christina Mchale
65.3%
USA
Bethanie Mattek Sands
64.5%
CZE
Sandra Zahlavova
64.5%
GER
Tatjana Malek
63.6%
GER
Kristina Barrois
63.6%
ESP
Nuria Llagostera Vives
62.8%
ROU
Ioana Raluca Olaru
62%
RUS
Ksenia Pervak
60.3%
AUS
Alicia Molik
60.3%
FRA
Stephanie Foretz
60.3%
FRA
Julie Coin
59.5%
ESP
Arantxa Parra Santonja
58.7%
FRA
Stephanie Cohen Aloro
49.6%
UKR
Mariya Koryttseva
47.1%
RUS
Anastasia Pivovarova
46.3%
RUS
Regina Kulikova
46.3%
CAN
Heidi El Tabakh
46.3%
AUS
Sophie Ferguson
45.5%
USA
Shenay Perry
43.8%
FRA
Claire Feuerstein
43.8%
RUS
Ekaterina Bychkova
37.2%
RUS
Ekaterina Ivanova
22.3%
Quiz Playlist
Details
Report
Send in Message
Add To Playlist
Classic:
Type in answers that appear in a list
Last Updated: Feb 16, 2017
Quiz Scoreboard
CHALLENGE
Sign Up to Join the Scoreboard
Show All
Scores
Hide
Comments
May contain spoilers
Recently Published
Presidents Visiting Landmarks
by Hejman
History
7m
An Introduction to Baseball
by treessimontrees
Sports
5m
Movies - When Are They Set?
by FPL_Elf
Movies
5m
More to Explore
Quiz From the Vault
Featured Blog Post
Where Did the Easter Bunny Come From?
hide this ad
You Might Also Like...
Tags
Country Quiz
French Quiz
Tennis Quiz
2010
open
Player
Women
WTA
WTA Players
WTA Tour
Today's Top Quizzes in Sports
Browse Sports
hide this ad
Today's Top Quizzes in Country
Browse Country
Top Contributed Quizzes in Sports
1
Les meilleurs buteurs des matchs entre le PSG et l’OM
2
2022 World Cup Stars
3
FIFA Club World Cup Champions
4
Les entraîneurs de l'OM et du PSG au 21e siècle
5
Name the Premier League winners with different clubs
6
La finale Lions - Afrique du Sud 2021
7
England Test cricketers to play under Nasser Hussain
8
5-to-1: UK Sports Teams
9
Les joueurs passés par le LOSC et le RC Lens
10
Criteria MLB: Left Handed Sluggers
Explore More
Trending Topics
Marvel
NBA
Crossword
Harry Potter
Kpop
Disney
Anime
Pokémon
NFL
Song
Puzzle
Country
WWE
Soccer
The Office
hide this ad
More By:
stulaw78
Quiz
Plays
Rating
Category
Featured
Created
Mens 4th Round Wimbledon 2003-2021
12,294
4.57
Sports
May 23, 2010
England Test Cricketers 80's
7,490
4.82
Sports
Feb 24, 2010
ATP Tennis End of Year top 10 Rankings
7,290
5.00
Sports
Jan 6, 2011
England Test Cricketers 2000s
7,212
4.75
Sports
Feb 24, 2010
England Test Cricketers 1990's
6,768
5.00
Sports
Feb 24, 2010
Go to Creator's Profile
Score Distribution
Quiz Creator Spotlight
stulaw78
Follow
Send a Message
Quizzes Created
-
Created Quiz Play Count
-
More By This Creator
Popular Quizzes Today
1
Find the US States - No Outlines Minefield
2
Find the Countries of Europe - No Outlines Minefield
3
The Countries of the World
4
Find the US States
5
Popular People in 1961
6
US States
7
Risky Map Clicking: Biggest States A-Z
8
1-10 Letter E Words III
More Sports Quizzes
Quick Pick: 2017 WTA Finalists
Editor's Pick
Trending Quizzes
Risky Map Clicking: Least Populous States A-Z
1-10 Letter G Words
1-10 Letter F Words
One Thing in Common: United Kingdom
Risky Map Clicking: Next State Alphabetically
Recently Updated
Leaping Animals
pecheneg
Reality TV Shows (A-Z)
bhenderson79
Rickey Henderson's Hall of Fame Teammates
pecheneg
Champions League XIs: Arsenal
pecheneg
Quick Pick: Celebrities in WWE's Hall of Fame
aduchscher
A-Z Keypad Blitz II
pecheneg
Multiple Oscar Actors
pecheneg
Mystery Phrase Blitz: Oscar 'Best Actors'
pecheneg
F. Scott Fitzgerald Novels
LTH
Pick 3 Villains
ddd62291
Trending Topics
Marvel
Disney
NBA
Anime
Kpop
Crossword
Harry Potter
Puzzle
Pokémon
Country
Song
NFL
Soccer
The Office
WWE
Your Account Isn't Verified!
In order to create a playlist on Sporcle, you need to verify the email address you used during registration. Go to your
Sporcle Settings
to finish the process.
Report this User
Report this user for behavior that violates our
Community Guidelines
.
Details:
Send Report
Go to the Sporcle.com Mobile Site →
Comments